[Event "Greek Team Cup Final 8"]
[Site "chess24.com"]
[Date "2018.07.08"]
[Round "1"]
[White "Theodoulidis, Theodoros"]
[Black "Zaronikas, Dimitrios"]
[Result "1/2-1/2"]
[Board "1"]
[WhiteElo "2059"]
[WhiteCountry "GRE"]
[WhiteFideId "4200810"]
[WhiteEloChange "-4"]
[BlackElo "1919"]
[BlackCountry "GRE"]
[BlackFideId "25802259"]
[BlackEloChange "4"]

1. e4 {[%clk 1:30:57]} c5 {[%clk 1:30:55]} 2. Nf3 {[%clk 1:31:20]} e6 {[%clk
1:31:17]} 3. d4 {[%clk 1:31:40]} cxd4 {[%clk 1:31:44]} 4. Nxd4 {[%clk 1:31:57]}
Nc6 {[%clk 1:32:11]} 5. Nb5 {[%clk 1:31:35]} d6 {[%clk 1:31:53]} 6. c4 {[%clk
1:31:56]} a6 {[%clk 1:32:08]} 7. Nd4 {[%clk 1:32:17]} Nf6 {[%clk 1:32:26]} 8. Nc3
{[%clk 1:32:38]} Be7 {[%clk 1:32:06]} 9. Be2 {[%clk 1:32:53]} O-O {[%clk
1:31:35]} 10. O-O {[%clk 1:33:11]} Nxd4 {[%clk 1:25:33]} 11. Qxd4 {[%clk
1:33:20]} Bd7 {[%clk 1:25:35]} 12. Be3 {[%clk 1:25:36]} Bc6 {[%clk 1:24:17]} 13.
Rfd1 {[%clk 1:15:40]} Qa5 {[%clk 1:18:31]} 14. a3 {[%clk 1:12:20]} e5 {[%clk
0:57:01]} 15. Qd2 {[%clk 1:02:38]} Qc7 {[%clk 0:56:14]} 16. f3 {[%clk 1:01:19]}
Qb8 {[%clk 0:44:55]} 17. b4 {[%clk 0:56:17]} b5 {[%clk 0:42:25]} 18. Rac1 {[%clk
0:46:08]} Rd8 {[%clk 0:38:31]} 19. Nd5 {[%clk 0:39:00]} Bxd5 {[%clk 0:38:04]} 20.
cxd5 {[%clk 0:39:01]} Rc8 {[%clk 0:38:19]} 21. Rxc8+ {[%clk 0:38:56]} Qxc8 {[%clk
0:38:45]} 22. Rc1 {[%clk 0:38:48]} Qb7 {[%clk 0:38:59]} 23. Qc3 {[%clk 0:37:28]}
Bd8 {[%clk 0:35:38]} 24. Qc6 {[%clk 0:34:06]} Qb8 {[%clk 0:34:45]} 25. g4 {[%clk
0:32:51]} Kf8 {[%clk 0:33:09]} 26. g5 {[%clk 0:30:28]} Nh5 {[%clk 0:32:21]} 27.
h4 {[%clk 0:26:05]} Nf4 {[%clk 0:28:41]} 28. Bf1 {[%clk 0:23:10]} h6 {[%clk
0:27:15]} 29. gxh6 {[%clk 0:18:37]} gxh6 {[%clk 0:27:30]} 30. h5 {[%clk 0:14:04]}
Bg5 {[%clk 0:25:21]} 31. Kh2 {[%clk 0:10:51]} Kg8 {[%clk 0:19:05]} 32. Qd7 {[%clk
0:09:06]} Nxh5 {[%clk 0:15:35]} 33. Bxg5 {[%clk 0:04:10]} hxg5 {[%clk 0:16:01]}
34. Qg4 {[%clk 0:03:37]} Nf4 {[%clk 0:14:18]} 35. Qxg5+ {[%clk 0:04:01]} Kh7
{[%clk 0:14:07]} 36. Bh3 {[%clk 0:03:33]} Qa7 {[%clk 0:12:45]} 37. Bf5+ {[%clk
0:03:08]} Ng6 {[%clk 0:13:04]} 38. Rg1 {[%clk 0:01:39]} Rg8 {[%clk 0:11:00]} 39.
Qh5+ {[%clk 0:01:39]} Kg7 {[%clk 0:11:00]} 40. Bxg6 {[%clk 0:31:15]} Kf8 {[%clk
0:40:36]} 41. Qh7 {[%clk 0:15:00]} Rg7 {[%clk 0:38:17]} 42. Qh8+ {[%clk 0:12:55]}
Rg8 {[%clk 0:38:41]} 43. Qh4 {[%clk 0:07:11]} Qe3 {[%clk 0:31:02]} 44. Qd8+
{[%clk 0:03:22]} Kg7 {[%clk 0:31:23]} 45. Qg5 {[%clk 0:03:00]} Qxg5 {[%clk
0:31:13]} 46. Rxg5 {[%clk 0:03:23]} fxg6 {[%clk 0:31:42]} 1/2-1/2

[Event "Greek Team Cup Final 8"]
[Site "chess24.com"]
[Date "2018.07.08"]
[Round "1"]
[White "Dounis, Alexandros"]
[Black "Kosmidis, Ioannis"]
[Result "1-0"]
[Board "2"]
[WhiteElo "2258"]
[WhiteCountry "GRE"]
[WhiteFideId "4213238"]
[WhiteEloChange "4"]
[BlackElo "2022"]
[BlackCountry "GRE"]
[BlackFideId "4253876"]
[BlackEloChange "-4"]

1. Nf3 {[%clk 1:30:55]} d5 {[%clk 1:29:31]} 2. g3 {[%clk 1:31:20]} c6 {[%clk
1:29:16]} 3. Bg2 {[%clk 1:31:46]} Bg4 {[%clk 1:29:19]} 4. O-O {[%clk 1:31:48]}
Nd7 {[%clk 1:29:20]} 5. d3 {[%clk 1:32:00]} Ngf6 {[%clk 1:28:42]} 6. Qe1 {[%clk
1:31:51]} e5 {[%clk 1:27:44]} 7. e4 {[%clk 1:31:54]} dxe4 {[%clk 1:27:45]} 8.
dxe4 {[%clk 1:32:22]} Bc5 {[%clk 1:27:17]} 9. Nbd2 {[%clk 1:32:07]} b5 {[%clk
1:18:27]} 10. h3 {[%clk 1:30:01]} Bh5 {[%clk 1:17:52]} 11. Nb3 {[%clk 1:21:41]}
Bb6 {[%clk 1:17:48]} 12. a4 {[%clk 1:20:01]} a6 {[%clk 1:05:55]} 13. axb5 {[%clk
0:52:57]} cxb5 {[%clk 0:49:01]} 14. Qb4 {[%clk 0:51:42]} Qc7 {[%clk 0:33:55]} 15.
Nh4 {[%clk 0:38:35]} Bc5 {[%clk 0:16:35]} 16. Nxc5 {[%clk 0:35:36]} Qxc5 {[%clk
0:16:31]} 17. Qxc5 {[%clk 0:32:06]} Nxc5 {[%clk 0:16:59]} 18. f4 {[%clk 0:31:53]}
Be2 {[%clk 0:11:38]} 19. Re1 {[%clk 0:29:54]} Bc4 {[%clk 0:11:54]} 20. b3 {[%clk
0:22:57]} Be6 {[%clk 0:12:02]} 21. Bb2 {[%clk 0:16:08]} exf4 {[%clk 0:03:22]} 22.
e5 {[%clk 0:13:07]} f3 {[%clk 0:03:21]} 23. Bxf3 {[%clk 0:13:17]} Nd5 {[%clk
0:03:44]} 24. c4 {[%clk 0:13:37]} Nd3 {[%clk 0:01:57]} 25. cxd5 {[%clk 0:13:45]}
Nxe1 {[%clk 0:02:18]} 26. Rxe1 {[%clk 0:13:37]} Bxh3 {[%clk 0:02:07]} 27. e6
{[%clk 0:12:20]} fxe6 {[%clk 0:01:11]} 28. Kh2 {[%clk 0:12:34]} O-O {[%clk
0:01:19]} 29. Kxh3 {[%clk 0:12:39]} g5 {[%clk 0:01:25]} 30. Bg4 {[%clk 0:12:50]}
1-0

[Event "Greek Team Cup Final 8"]
[Site "chess24.com"]
[Date "2018.07.08"]
[Round "1"]
[White "Babalikis, Alexandros"]
[Black "Georgakopoulos, Nikolaos"]
[Result "0-1"]
[Board "3"]
[WhiteElo "1803"]
[WhiteCountry "GRE"]
[WhiteFideId "4251091"]
[WhiteEloChange "-2"]
[BlackTitle "FM"]
[BlackElo "2336"]
[BlackCountry "GRE"]
[BlackFideId "4210891"]
[BlackEloChange "2"]

1. e4 {[%clk 1:30:54]} c5 {[%clk 1:30:50]} 2. Nc3 {[%clk 1:31:12]} e6 {[%clk
1:31:14]} 3. f4 {[%clk 1:31:10]} d5 {[%clk 1:31:37]} 4. Nf3 {[%clk 1:31:14]} Nf6
{[%clk 1:32:00]} 5. Bb5+ {[%clk 1:29:50]} Bd7 {[%clk 1:32:23]} 6. Bxd7+ {[%clk
1:29:52]} Qxd7 {[%clk 1:32:47]} 7. e5 {[%clk 1:29:55]} Ng8 {[%clk 1:33:13]} 8.
O-O {[%clk 1:29:24]} Nc6 {[%clk 1:32:41]} 9. d4 {[%clk 1:01:08]} cxd4 {[%clk
1:24:17]} 10. Ne2 {[%clk 0:56:36]} Bc5 {[%clk 1:18:21]} 11. Nexd4 {[%clk
0:56:12]} Nxd4 {[%clk 1:12:01]} 12. Nxd4 {[%clk 0:56:29]} Bxd4+ {[%clk 1:11:19]}
13. Qxd4 {[%clk 0:56:57]} Ne7 {[%clk 1:11:40]} 14. c3 {[%clk 0:38:15]} O-O {[%clk
1:11:02]} 15. Be3 {[%clk 0:34:03]} b6 {[%clk 1:09:40]} 16. Qd3 {[%clk 0:29:01]}
Rac8 {[%clk 1:04:31]} 17. Rad1 {[%clk 0:27:08]} Qa4 {[%clk 1:02:38]} 18. Qb1
{[%clk 0:17:32]} Qa6 {[%clk 1:00:08]} 19. a3 {[%clk 0:14:35]} Rc4 {[%clk
0:54:09]} 20. h3 {[%clk 0:03:49]} Re4 {[%clk 0:51:24]} 21. Qd3 {[%clk 0:00:43]}
Qa4 {[%clk 0:49:57]} 22. Bc1 {[%clk 0:00:45]} Rc8 {[%clk 0:46:46]} 23. g4 {[%clk
0:00:46]} Ng6 {[%clk 0:42:14]} 24. Qg3 {[%clk 0:00:38]} h6 {[%clk 0:42:28]} 25.
Rde1 {[%clk 0:00:41]} Rcc4 {[%clk 0:41:48]} 26. Rxe4 {[%clk 0:00:49]} Rxe4 {[%clk
0:41:46]} 27. Qf2 {[%clk 0:00:40]} Qc4 {[%clk 0:41:11]} 28. Re1 {[%clk 0:00:55]}
Rxe1+ {[%clk 0:39:17]} 29. Qxe1 {[%clk 0:01:24]} Nxf4 {[%clk 0:39:23]} 30. Bxf4
{[%clk 0:01:33]} Qxf4 {[%clk 0:39:50]} 31. Kg2 {[%clk 0:01:31]} h5 {[%clk
0:39:51]} 32. gxh5 {[%clk 0:01:29]} Qg5+ {[%clk 0:40:10]} 33. Kh2 {[%clk
0:01:33]} Qxh5 {[%clk 0:40:29]} 34. Qe3 {[%clk 0:01:30]} Qf5 {[%clk 0:40:34]} 35.
b4 {[%clk 0:00:38]} Kh7 {[%clk 0:39:02]} 36. Kg3 {[%clk 0:00:37]} f6 {[%clk
0:38:48]} 37. exf6 {[%clk 0:01:02]} gxf6 {[%clk 0:39:13]} 38. Kh4 {[%clk
0:00:54]} Kg6 {[%clk 0:39:10]} 0-1

[Event "Greek Team Cup Final 8"]
[Site "chess24.com"]
[Date "2018.07.08"]
[Round "1"]
[White "Nikolakopoulos, Nikolaos"]
[Black "Samaras, Georgios"]
[Result "1/2-1/2"]
[Board "4"]
[WhiteElo "1858"]
[WhiteCountry "GRE"]
[WhiteFideId "4219759"]
[WhiteEloChange "-4"]
[BlackElo "1696"]
[BlackCountry "GRE"]
[BlackFideId "4239458"]
[BlackEloChange "4"]

1. e4 {[%clk 1:30:54]} c5 {[%clk 1:30:56]} 2. Nf3 {[%clk 1:31:10]} Nc6 {[%clk
1:31:23]} 3. Bb5 {[%clk 1:29:57]} e6 {[%clk 1:29:06]} 4. O-O {[%clk 1:28:03]} a6
{[%clk 1:28:53]} 5. Bxc6 {[%clk 1:28:18]} bxc6 {[%clk 1:29:19]} 6. d3 {[%clk
1:27:42]} d5 {[%clk 1:28:26]} 7. c4 {[%clk 1:26:18]} Nf6 {[%clk 1:24:03]} 8. Nc3
{[%clk 1:25:23]} Be7 {[%clk 1:21:38]} 9. Qe2 {[%clk 1:22:19]} O-O {[%clk
1:20:08]} 10. Re1 {[%clk 1:15:00]} Re8 {[%clk 1:19:41]} 11. Ne5 {[%clk 1:10:36]}
Qc7 {[%clk 1:16:25]} 12. f4 {[%clk 1:00:07]} Bd6 {[%clk 1:15:17]} 13. Nxf7 {[%clk
0:56:08]} Qxf7 {[%clk 1:06:49]} 14. e5 {[%clk 0:56:31]} Be7 {[%clk 1:06:52]} 15.
exf6 {[%clk 0:56:27]} Bxf6 {[%clk 1:07:16]} 16. Qf3 {[%clk 0:54:26]} Bd7 {[%clk
1:04:16]} 17. Na4 {[%clk 0:53:58]} Qe7 {[%clk 0:44:07]} 18. Be3 {[%clk 0:52:38]}
d4 {[%clk 0:39:49]} 19. Bd2 {[%clk 0:51:03]} Rab8 {[%clk 0:40:16]} 20. Ba5 {[%clk
0:48:30]} Qf8 {[%clk 0:29:49]} 21. Bb6 {[%clk 0:47:29]} Be7 {[%clk 0:29:30]} 22.
Re5 {[%clk 0:47:24]} Qf7 {[%clk 0:14:27]} 23. b3 {[%clk 0:43:18]} Bd6 {[%clk
0:14:15]} 24. Re4 {[%clk 0:43:15]} Qf5 {[%clk 0:12:32]} 25. g4 {[%clk 0:34:26]}
Qf8 {[%clk 0:12:59]} 26. Rf1 {[%clk 0:29:36]} Rb7 {[%clk 0:11:01]} 27. Kg2 {[%clk
0:21:38]} Bc8 {[%clk 0:10:35]} 28. Rfe1 {[%clk 0:12:58]} Rf7 {[%clk 0:09:13]} 29.
f5 {[%clk 0:12:17]} Bd7 {[%clk 0:09:29]} 30. Qe2 {[%clk 0:11:52]} e5 {[%clk
0:06:58]} 31. Rf1 {[%clk 0:10:21]} g6 {[%clk 0:05:54]} 32. fxg6 {[%clk 0:10:25]}
hxg6 {[%clk 0:05:03]} 33. Rxf7 {[%clk 0:10:44]} Qxf7 {[%clk 0:04:42]} 34. Bxc5
{[%clk 0:10:43]} Bc7 {[%clk 0:04:55]} 35. Qf3 {[%clk 0:05:59]} Qg7 {[%clk
0:05:22]} 36. Re2 {[%clk 0:05:15]} Qh6 {[%clk 0:03:14]} 37. h3 {[%clk 0:04:56]}
Qg7 {[%clk 0:01:57]} 38. Rf2 {[%clk 0:03:26]} Bd8 {[%clk 0:02:24]} 39. Qe4 {[%clk
0:01:47]} Bg5 {[%clk 0:02:25]} 40. Nb6 {[%clk 0:31:28]} Bf4 {[%clk 0:30:59]} 41.
Nxd7 {[%clk 0:26:12]} Qxd7 {[%clk 0:31:23]} 42. Qxg6+ {[%clk 0:26:11]} Kh8 {[%clk
0:31:45]} 43. Bxd4 {[%clk 0:20:06]} Re6 {[%clk 0:24:27]} 44. Qh5+ {[%clk
0:18:35]} Rh6 {[%clk 0:24:00]} 45. Bxe5+ {[%clk 0:14:53]} Kg8 {[%clk 0:23:19]}
46. Qf5 {[%clk 0:12:22]} Qxf5 {[%clk 0:23:43]} 47. gxf5 {[%clk 0:12:46]} Bxe5
{[%clk 0:24:10]} 48. Re2 {[%clk 0:13:06]} Bd4 {[%clk 0:22:35]} 49. Kg3 {[%clk
0:12:18]} Kf7 {[%clk 0:20:37]} 50. Re4 {[%clk 0:11:30]} c5 {[%clk 0:20:53]} 51.
h4 {[%clk 0:09:53]} a5 {[%clk 0:19:41]} 52. Kg4 {[%clk 0:08:36]} Rh8 {[%clk
0:16:14]} 53. Re6 {[%clk 0:07:48]} Rg8+ {[%clk 0:16:34]} 54. Kf3 {[%clk 0:07:34]}
Rg1 {[%clk 0:15:27]} 55. Ra6 {[%clk 0:06:37]} Bc3 {[%clk 0:16:22]} 56. Rb6 {[%clk
0:05:41]} Ra1 {[%clk 0:13:59]} 57. h5 {[%clk 0:03:05]} Rxa2 {[%clk 0:14:12]} 58.
h6 {[%clk 0:02:57]} Rh2 {[%clk 0:08:29]} 59. Rc6 {[%clk 0:02:12]} Bd4 {[%clk
0:08:12]} 60. Ra6 {[%clk 0:02:34]} Rh3+ {[%clk 0:07:27]} 61. Ke4 {[%clk 0:02:51]}
Re3+ {[%clk 0:07:34]} 62. Kd5 {[%clk 0:03:20]} Rxd3 {[%clk 0:07:54]} 63. Kc6
{[%clk 0:02:49]} Rxb3 {[%clk 0:07:44]} 64. h7 {[%clk 0:02:19]} Rh3 {[%clk
0:07:17]} 65. Rxa5 {[%clk 0:02:18]} Rxh7 {[%clk 0:07:41]} 66. Ra7+ {[%clk
0:02:16]} Kg8 {[%clk 0:08:06]} 67. Ra8+ {[%clk 0:02:34]} Kg7 {[%clk 0:08:18]} 68.
Kd5 {[%clk 0:02:35]} Kf6 {[%clk 0:08:34]} 69. Ra3 {[%clk 0:01:15]} Kxf5 {[%clk
0:08:49]} 70. Rf3+ {[%clk 0:01:38]} Kg4 {[%clk 0:09:15]} 71. Rf8 {[%clk 0:01:53]}
Rh5+ {[%clk 0:09:01]} 72. Kc6 {[%clk 0:02:18]} Rf5 {[%clk 0:09:24]} 73. Re8
{[%clk 0:02:36]} Kf4 {[%clk 0:09:45]} 74. Re7 {[%clk 0:02:22]} Re5 {[%clk
0:10:05]} 75. Rf7+ {[%clk 0:02:39]} Ke4 {[%clk 0:10:31]} 76. Rh7 {[%clk 0:02:17]}
Kd3 {[%clk 0:10:19]} 77. Kb5 {[%clk 0:02:43]} Re2 {[%clk 0:08:06]} 78. Rh3+
{[%clk 0:03:03]} Be3 {[%clk 0:08:13]} 79. Rh4 {[%clk 0:02:37]} Kc3 {[%clk
0:06:29]} 80. Rh3 {[%clk 0:02:25]} Rb2+ {[%clk 0:06:11]} 81. Kc6 {[%clk 0:02:50]}
Kd4 {[%clk 0:06:29]} 82. Rh4+ {[%clk 0:03:08]} Ke5 {[%clk 0:06:53]} 83. Rh5+
{[%clk 0:03:12]} Ke6 {[%clk 0:07:17]} 84. Rh3 {[%clk 0:03:18]} Rb3 {[%clk
0:07:29]} 85. Rg3 {[%clk 0:02:42]} Ke5 {[%clk 0:07:32]} 86. Rg4 {[%clk 0:02:16]}
Bd4 {[%clk 0:07:16]} 87. Rh4 {[%clk 0:02:18]} Rb4 {[%clk 0:06:22]} 88. Rh5+
{[%clk 0:02:32]} Ke4 {[%clk 0:06:41]} 89. Rh4+ {[%clk 0:02:47]} Kd3 {[%clk
0:07:05]} 90. Kd5 {[%clk 0:03:12]} Rb6 {[%clk 0:06:26]} 91. Rh3+ {[%clk 0:03:17]}
Kc2 {[%clk 0:06:52]} 92. Rg3 {[%clk 0:02:36]} Rb3 {[%clk 0:06:54]} 93. Rg2+
{[%clk 0:02:25]} Kc3 {[%clk 0:06:51]} 94. Rg3+ {[%clk 0:02:34]} Kb4 {[%clk
0:07:47]} 95. Rg8 {[%clk 0:02:56]} Rc3 {[%clk 0:07:09]} 96. Rb8+ {[%clk 0:02:43]}
Ka5 {[%clk 0:07:22]} 97. Ra8+ {[%clk 0:02:55]} Kb6 {[%clk 0:07:48]} 98. Rb8+
{[%clk 0:03:15]} Kc7 {[%clk 0:07:56]} 99. Rg8 {[%clk 0:02:44]} Re3 {[%clk
0:08:00]} 100. Rg5 {[%clk 0:02:49]} Kd7 {[%clk 0:08:03]} 101. Rh5 {[%clk
0:03:03]} Rg3 {[%clk 0:06:09]} 102. Rh7+ {[%clk 0:03:19]} Rg7 {[%clk 0:06:32]}
103. Rxg7+ {[%clk 0:03:45]} 1/2-1/2

[Event "Greek Team Cup Final 8"]
[Site "chess24.com"]
[Date "2018.07.08"]
[Round "1"]
[White "Istratescu, Andrei"]
[Black "Mastrovasilis, Dimitrios"]
[Result "1/2-1/2"]
[Board "1"]
[WhiteTitle "GM"]
[WhiteElo "2575"]
[WhiteCountry "ROU"]
[WhiteFideId "1200372"]
[BlackTitle "GM"]
[BlackElo "2580"]
[BlackCountry "GRE"]
[BlackFideId "4202694"]

1. e4 {[%clk 1:30:51]} e5 {[%clk 1:30:43]} 2. Nf3 {[%clk 1:31:05]} Nc6 {[%clk
1:31:04]} 3. Bb5 {[%clk 1:30:48]} Nf6 {[%clk 1:31:21]} 4. d3 {[%clk 1:29:15]} Bc5
{[%clk 1:31:29]} 5. O-O {[%clk 1:29:40]} Nd4 {[%clk 1:30:10]} 6. Nxd4 {[%clk
1:29:07]} Bxd4 {[%clk 1:30:32]} 7. Nd2 {[%clk 1:25:35]} c6 {[%clk 1:23:56]} 8.
Ba4 {[%clk 1:25:38]} O-O {[%clk 1:22:49]} 9. Nf3 {[%clk 1:21:24]} d5 {[%clk
1:22:21]} 10. exd5 {[%clk 1:18:45]} Qxd5 {[%clk 1:20:22]} 11. Bb3 {[%clk
1:16:24]} Qd6 {[%clk 1:20:20]} 12. Nxd4 {[%clk 1:15:52]} exd4 {[%clk 1:20:30]}
13. Qf3 {[%clk 1:15:19]} Be6 {[%clk 0:57:14]} 14. Bf4 {[%clk 1:07:20]} Qc5 {[%clk
0:56:16]} 15. Bxe6 {[%clk 1:06:26]} fxe6 {[%clk 0:56:35]} 16. Qe2 {[%clk
1:06:53]} Rae8 {[%clk 0:43:42]} 17. Rfe1 {[%clk 0:50:06]} e5 {[%clk 0:33:42]} 18.
Bxe5 {[%clk 0:49:55]} Nd7 {[%clk 0:33:46]} 19. f4 {[%clk 0:50:22]} Nxe5 {[%clk
0:33:16]} 20. fxe5 {[%clk 0:50:47]} Rf5 {[%clk 0:25:51]} 21. e6 {[%clk 0:49:06]}
Rf6 {[%clk 0:24:44]} 22. e7 {[%clk 0:42:15]} Rf7 {[%clk 0:23:23]} 23. Qe5 {[%clk
0:39:55]} Qxe5 {[%clk 0:21:12]} 24. Rxe5 {[%clk 0:40:18]} Rfxe7 {[%clk 0:21:22]}
25. Rxe7 {[%clk 0:40:43]} Rxe7 {[%clk 0:21:46]} 26. Kf2 {[%clk 0:41:11]} Kf7
{[%clk 0:21:29]} 27. Re1 {[%clk 0:38:45]} Rxe1 {[%clk 0:18:10]} 28. Kxe1 {[%clk
0:38:18]} Kf6 {[%clk 0:18:16]} 29. Kf2 {[%clk 0:38:37]} Kf5 {[%clk 0:18:25]} 30.
Kf3 {[%clk 0:37:25]} g5 {[%clk 0:17:15]} 1/2-1/2

[Event "Greek Team Cup Final 8"]
[Site "chess24.com"]
[Date "2018.07.08"]
[Round "1"]
[White "Mastrovasilis, Athanasios"]
[Black "Tsekouras, Theodoros"]
[Result "1-0"]
[Board "2"]
[WhiteTitle "GM"]
[WhiteElo "2497"]
[WhiteCountry "GRE"]
[WhiteFideId "4201990"]
[WhiteEloChange "2"]
[BlackElo "2210"]
[BlackCountry "GRE"]
[BlackFideId "4203402"]
[BlackEloChange "-3"]

1. Nf3 {[%clk 1:30:31]} Nf6 {[%clk 1:30:49]} 2. g3 {[%clk 1:29:52]} g6 {[%clk
1:31:05]} 3. Bg2 {[%clk 1:29:57]} Bg7 {[%clk 1:31:26]} 4. O-O {[%clk 1:30:02]}
O-O {[%clk 1:31:39]} 5. d4 {[%clk 1:30:16]} d6 {[%clk 1:31:43]} 6. Nc3 {[%clk
1:26:50]} d5 {[%clk 1:31:45]} 7. Bf4 {[%clk 1:26:55]} c6 {[%clk 1:30:35]} 8. Re1
{[%clk 1:21:48]} Bf5 {[%clk 1:27:45]} 9. Nh4 {[%clk 1:21:32]} Be6 {[%clk
1:26:50]} 10. Qd2 {[%clk 1:14:55]} Nbd7 {[%clk 1:18:16]} 11. e4 {[%clk 0:55:48]}
dxe4 {[%clk 1:12:26]} 12. Nxe4 {[%clk 0:55:55]} Nxe4 {[%clk 1:04:14]} 13. Bxe4
{[%clk 0:55:47]} Nf6 {[%clk 0:58:04]} 14. Bg2 {[%clk 0:54:54]} Bd5 {[%clk
0:55:22]} 15. Nf3 {[%clk 0:48:54]} Re8 {[%clk 0:41:49]} 16. Be5 {[%clk 0:43:57]}
Qd7 {[%clk 0:33:53]} 17. Qe2 {[%clk 0:39:46]} Rad8 {[%clk 0:23:06]} 18. a4 {[%clk
0:34:20]} Qc8 {[%clk 0:06:56]} 19. a5 {[%clk 0:25:54]} h6 {[%clk 0:04:06]} 20. a6
{[%clk 0:20:52]} b6 {[%clk 0:03:50]} 21. c4 {[%clk 0:20:52]} Be6 {[%clk 0:03:50]}
22. b4 {[%clk 0:16:07]} Bg4 {[%clk 0:01:56]} 23. Ra3 {[%clk 0:13:35]} Qd7 {[%clk
0:01:09]} 24. Rc1 {[%clk 0:09:34]} Rc8 {[%clk 0:01:09]} 25. Rac3 {[%clk 0:09:16]}
b5 {[%clk 0:00:38]} 26. cxb5 {[%clk 0:09:01]} cxb5 {[%clk 0:01:03]} 27. Rc7
{[%clk 0:08:47]} Rxc7 {[%clk 0:00:46]} 28. Rxc7 {[%clk 0:09:12]} Qf5 {[%clk
0:00:44]} 29. Rxa7 {[%clk 0:07:44]} Nd5 {[%clk 0:00:34]} 30. Bxg7 {[%clk
0:04:10]} Rc8 {[%clk 0:00:39]} 31. h3 {[%clk 0:04:03]} Qb1+ {[%clk 0:00:33]} 32.
Kh2 {[%clk 0:04:07]} Rc2 {[%clk 0:00:42]} 33. Qe5 {[%clk 0:04:10]} 1-0

[Event "Greek Team Cup Final 8"]
[Site "chess24.com"]
[Date "2018.07.08"]
[Round "1"]
[White "Makropoulou, Marina"]
[Black "Malikentzos, Sotirios"]
[Result "0-1"]
[Board "3"]
[WhiteTitle "WGM"]
[WhiteElo "2135"]
[WhiteCountry "GRE"]
[WhiteFideId "4200187"]
[WhiteEloChange "-3"]
[BlackTitle "IM"]
[BlackElo "2420"]
[BlackCountry "GRE"]
[BlackFideId "4215079"]
[BlackEloChange "2"]

1. e4 {[%clk 1:30:55]} e6 {[%clk 1:30:48]} 2. d4 {[%clk 1:30:41]} d5 {[%clk
1:31:13]} 3. Nc3 {[%clk 1:30:08]} Bb4 {[%clk 1:31:35]} 4. e5 {[%clk 1:29:41]} c5
{[%clk 1:32:00]} 5. Bd2 {[%clk 1:26:44]} Ne7 {[%clk 1:32:10]} 6. Nf3 {[%clk
1:26:03]} Nbc6 {[%clk 1:30:33]} 7. Nb5 {[%clk 1:25:38]} Bxd2+ {[%clk 1:30:46]} 8.
Qxd2 {[%clk 1:25:56]} O-O {[%clk 1:31:10]} 9. dxc5 {[%clk 1:24:51]} b6 {[%clk
1:19:17]} 10. cxb6 {[%clk 1:20:24]} Qxb6 {[%clk 1:19:36]} 11. Bd3 {[%clk
1:11:45]} Ng6 {[%clk 1:12:25]} 12. Bxg6 {[%clk 0:55:54]} Qxb5 {[%clk 1:08:20]}
13. a4 {[%clk 0:39:21]} Qb8 {[%clk 0:47:37]} 14. Qc3 {[%clk 0:30:18]} hxg6 {[%clk
0:35:55]} 15. Qxc6 {[%clk 0:30:41]} Qxb2 {[%clk 0:33:59]} 16. O-O {[%clk
0:30:42]} Rb8 {[%clk 0:33:38]} 17. h3 {[%clk 0:27:28]} Rb6 {[%clk 0:29:21]} 18.
Qc7 {[%clk 0:26:26]} Rb7 {[%clk 0:30:11]} 19. Qc5 {[%clk 0:26:23]} Qb4 {[%clk
0:26:25]} 20. Qe3 {[%clk 0:21:50]} Rc7 {[%clk 0:26:38]} 21. Rfb1 {[%clk 0:16:09]}
Qc3 {[%clk 0:26:58]} 22. Qf4 {[%clk 0:16:13]} Rc4 {[%clk 0:26:38]} 23. Qg5 {[%clk
0:16:32]} a5 {[%clk 0:22:08]} 24. Ra2 {[%clk 0:16:07]} Rb4 {[%clk 0:21:42]} 25.
Rxb4 {[%clk 0:13:34]} Qxb4 {[%clk 0:22:08]} 26. Kh2 {[%clk 0:09:37]} Bd7 {[%clk
0:22:20]} 27. c3 {[%clk 0:07:43]} Qxc3 {[%clk 0:21:05]} 28. Qe7 {[%clk 0:07:33]}
Qc4 {[%clk 0:21:01]} 29. Rd2 {[%clk 0:07:46]} Qf4+ {[%clk 0:19:16]} 30. g3 {[%clk
0:06:59]} Qxf3 {[%clk 0:18:17]} 31. Qxd7 {[%clk 0:07:24]} Qc3 {[%clk 0:16:18]}
32. Re2 {[%clk 0:07:13]} Rc8 {[%clk 0:15:26]} 33. Re3 {[%clk 0:07:20]} Qc6 {[%clk
0:14:57]} 34. Qa7 {[%clk 0:07:09]} Qxa4 {[%clk 0:13:06]} 35. Rf3 {[%clk 0:07:31]}
Rf8 {[%clk 0:13:30]} 36. Rf4 {[%clk 0:07:40]} Qa1 {[%clk 0:13:23]} 37. h4 {[%clk
0:07:25]} Qxe5 {[%clk 0:13:09]} 38. Qxa5 {[%clk 0:07:53]} Qe2 {[%clk 0:12:30]}
39. Qa7 {[%clk 0:07:57]} e5 {[%clk 0:12:26]} 40. Ra4 {[%clk 0:37:15]} d4 {[%clk
0:42:18]} 41. Ra2 {[%clk 0:37:40]} Qf3 {[%clk 0:40:54]} 42. Qc5 {[%clk 0:37:13]}
Rb8 {[%clk 0:38:16]} 0-1

[Event "Greek Team Cup Final 8"]
[Site "chess24.com"]
[Date "2018.07.08"]
[Round "1"]
[White "Zawadzka, Jolanta"]
[Black "Sgouros, Apostolos"]
[Result "1-0"]
[Board "4"]
[WhiteTitle "WGM"]
[WhiteElo "2439"]
[WhiteCountry "POL"]
[WhiteFideId "1122320"]
[WhiteEloChange "1"]
[BlackElo "2024"]
[BlackCountry "GRE"]
[BlackFideId "4222911"]
[BlackEloChange "-2"]

1. e4 {[%clk 1:30:54]} c5 {[%clk 1:30:23]} 2. Nf3 {[%clk 1:31:16]} Nc6 {[%clk
1:30:46]} 3. d4 {[%clk 1:31:35]} cxd4 {[%clk 1:31:10]} 4. Nxd4 {[%clk 1:32:02]}
Nf6 {[%clk 1:31:34]} 5. Nc3 {[%clk 1:32:21]} e5 {[%clk 1:31:57]} 6. Ndb5 {[%clk
1:32:29]} d6 {[%clk 1:32:17]} 7. Bg5 {[%clk 1:32:24]} a6 {[%clk 1:32:37]} 8. Na3
{[%clk 1:32:50]} b5 {[%clk 1:33:02]} 9. Bxf6 {[%clk 1:32:38]} gxf6 {[%clk
1:33:26]} 10. Nd5 {[%clk 1:33:01]} f5 {[%clk 1:33:22]} 11. g3 {[%clk 1:32:45]}
fxe4 {[%clk 1:32:28]} 12. Bg2 {[%clk 1:30:02]} Bg7 {[%clk 1:32:15]} 13. Bxe4
{[%clk 1:20:43]} Be6 {[%clk 1:32:36]} 14. Qh5 {[%clk 1:16:10]} Rc8 {[%clk
1:27:48]} 15. c3 {[%clk 1:14:59]} Ne7 {[%clk 1:22:29]} 16. Rd1 {[%clk 1:13:07]}
Rc5 {[%clk 1:16:35]} 17. Nxe7 {[%clk 1:07:26]} Qxe7 {[%clk 1:12:57]} 18. Nc2
{[%clk 1:05:07]} d5 {[%clk 1:05:03]} 19. Bf5 {[%clk 1:03:28]} d4 {[%clk 0:45:45]}
20. Bxe6 {[%clk 0:52:55]} Qxe6 {[%clk 0:45:22]} 21. O-O {[%clk 0:51:24]} O-O
{[%clk 0:40:45]} 22. Nxd4 {[%clk 0:48:15]} exd4 {[%clk 0:30:53]} 23. Qxc5 {[%clk
0:48:39]} Rc8 {[%clk 0:31:11]} 24. Qg5 {[%clk 0:45:03]} h6 {[%clk 0:29:50]} 25.
Qh4 {[%clk 0:44:39]} Qxa2 {[%clk 0:28:46]} 26. Rxd4 {[%clk 0:37:04]} Qxb2 {[%clk
0:28:32]} 27. Rd8+ {[%clk 0:34:01]} Rxd8 {[%clk 0:28:50]} 28. Qxd8+ {[%clk
0:34:28]} Bf8 {[%clk 0:25:57]} 29. Qc7 {[%clk 0:32:21]} Qc2 {[%clk 0:19:54]} 30.
Qa5 {[%clk 0:30:02]} Qg6 {[%clk 0:17:53]} 31. Ra1 {[%clk 0:26:40]} Bg7 {[%clk
0:13:12]} 32. Qxa6 {[%clk 0:25:05]} Qd3 {[%clk 0:13:18]} 33. Rc1 {[%clk 0:22:45]}
h5 {[%clk 0:13:04]} 34. Qc8+ {[%clk 0:22:21]} Kh7 {[%clk 0:13:23]} 35. Qc5 {[%clk
0:21:54]} Kg6 {[%clk 0:12:55]} 36. h4 {[%clk 0:20:19]} f5 {[%clk 0:12:36]} 37.
Qe3 {[%clk 0:16:50]} Qxe3 {[%clk 0:09:41]} 38. fxe3 {[%clk 0:17:18]} Be5 {[%clk
0:10:05]} 39. Kf2 {[%clk 0:17:41]} Kf6 {[%clk 0:10:32]} 40. Kf3 {[%clk 0:47:48]}
Ke6 {[%clk 0:40:57]} 41. Rb1 {[%clk 0:47:20]} Bxc3 {[%clk 0:41:20]} 42. Rxb5
{[%clk 0:47:47]} Be5 {[%clk 0:41:44]} 43. Rb6+ {[%clk 0:47:41]} Kf7 {[%clk
0:41:59]} 44. Rh6 {[%clk 0:47:28]} Bf6 {[%clk 0:42:26]} 45. Kf4 {[%clk 0:47:36]}
Kg7 {[%clk 0:42:29]} 46. Rxh5 {[%clk 0:47:46]} 1-0